000 00533nam a22001817a 4500
999 _c8774
_d8774
003 GBCCL
005 20241126110658.0
008 211004b ||||| |||| 00| 0 eng d
040 _cgbc
082 _a224.5
_bWAL
100 _aWalton, Arthur B
_98355
245 _aDaniel :
_ba man beloved of God
_cArthur B. Walton.
260 _aSchaumburg, IL :
_bRegular Baptist Press,
_c©1997.
300 _a128 pages
650 _aBible.
_vStudy and teaching
_xStudy guides
_915439
650 _aBible.
_vDaniel.
_915440
942 _2ddc
_cBK
_07